000 00831nam a22002412 4500
001 0000020347
005 20151217155228.0
008 110913s xx 000 0 eng d
020 _a0199289073 :
040 _aKABU
_cKABU
100 1 _aPocock, Gillian.
_@0000180540
245 1 4 _aThe Human body :
_ban introduction for the biomedical and health sciences /
_cGillian Pocock & Christopher D. Richards.
250 _a1st ed.
260 _aOxford :
_bO. U. P.,
_c2009.
300 _axviii, 795 p.
650 0 _aHuman physiology.
_@0000155597
650 0 _aPhysiology, Pathological.
_@0000155866
700 1 _aRichards, Christopher D.
_@0000180541
852 1 _9p5180 KES
852 1 _9p4900 KES
908 _a110913
950 _@1
999 _c12136
_d12136